000 00251nam a2200121Ia 4500
100 _aCain/ N.W&cain /T
942 _cRB
654 _aComputer
245 _aHard Disk Management
260 _bBrady
_aLondon
_c1990
546 _aENGLISH
999 _c21332
_d21332